Queen of Jhansi. (Record no. 1314817)

MARC details
000 -LEADER
fixed length control field 00428nam a2200181Ia 4500
008 - FIXED-LENGTH DATA ELEMENTS--GENERAL INFORMATION
fixed length control field 151202s9999||||xx |||||||||||||| ||und||
082 ## - DEWEY DECIMAL CLASSIFICATION NUMBER
Item number PNVM-48880
100 ## - MAIN ENTRY--PERSONAL NAME
Personal name Dixit M. S.
245 ## - TITLE STATEMENT
Title Queen of Jhansi.
260 ## - PUBLICATION, DISTRIBUTION, ETC. (IMPRINT)
Name of publisher, distributor, etc "Karmaveer Prakashan, Pune."
260 ## - PUBLICATION, DISTRIBUTION, ETC. (IMPRINT)
Date of publication, distribution, etc 2004
300 ## - PHYSICAL DESCRIPTION
Extent 16
600 ## - SUBJECT ADDED ENTRY--PERSONAL NAME
Personal name Dixit M. S.
630 ## - SUBJECT ADDED ENTRY--UNIFORM TITLE
Uniform title Queen of Jhansi.
700 ## - ADDED ENTRY--PERSONAL NAME
Personal name Dixit M. S.
730 ## - ADDED ENTRY--UNIFORM TITLE
Uniform title Queen of Jhansi.
942 ## - ADDED ENTRY ELEMENTS (KOHA)
Koha item type Book
Holdings
Withdrawn status Lost status Damaged status Not for loan Home library Current library Date acquired Cost, normal purchase price Total Checkouts Full call number Barcode Date last seen Cost, replacement price Price effective from Koha item type
        Pune Nagar Vachan Mandir, Pune Pune Nagar Vachan Mandir, Pune 06/21/2015 0.00   PNVM-48880 PNVM-48880 12/02/2015 0.00 12/02/2015 Book